000 00463nam a22001817a 4500
003 MPLRDC
005 20220104144224.0
008 210129b ||||| |||| 00| 0 eng d
020 _a7-80529-298-1
082 _a716.2 HEB
100 _a姜淑英编
245 _a中国城乡交通旅游图集
_c
250 _a一版一刷
260 _a
_b哈尔滨地图出版社
_c1997
300 _b
650 _a世界地理--中国地理
942 _cBK
_o716.2 HEB
999 _c47556
_d47546